|
|
|
|
| LEADER |
00986nam a2200241 a 4500 |
| 001 |
1560988 |
| 008 |
090719s1993 enk b 001 0 eng d |
| 010 |
|
|
|a 92032424
|
| 020 |
|
|
|a 0335096255 (pbk)
|
| 040 |
|
|
|a DLC
|c DLC
|d DLC
|
| 082 |
0 |
0 |
|a 821/.7
|2 20
|
| 245 |
0 |
0 |
|a Don Juan /
|c edited by Nigel Wood
|
| 260 |
|
|
|a Buckingham ;
|a Philadelphia :
|b Open University Press,
|c 1993.
|
| 300 |
|
|
|a xiii, 186 p. ;
|c 21 cm.
|
| 490 |
1 |
|
|a Theory in practice series
|
| 504 |
|
|
|a Includes bibliographical references (p. [160]-181) and index.
|
| 541 |
1 |
|
|e 00009254
|
| 600 |
1 |
0 |
|a Byron, George Gordon Byron,
|c Baron,
|d 1788-1824.
|t Don Juan.
|
| 650 |
|
0 |
|a Don Juan (Legendary character) in literature.
|
| 700 |
1 |
|
|a Wood, Nigel,
|d 1953-
|
| 852 |
4 |
|
|a Ayesha Abed Library
|j General Shelf.
|
| 999 |
|
|
|c 2685
|d 2685
|
| 952 |
|
|
|0 0
|1 0
|2 ddc
|4 1
|6 821_700000000000000_JUA_1993
|7 0
|9 2466
|a BRACUL
|b BRACUL
|c SPS
|d 2009-07-22
|g 0.00
|l 0
|o 821.7 JUA
|p 3010009254
|r 2009-07-22
|t 1
|w 2009-07-22
|y BK
|x No price found in the accession register.
|